| 000 | 00850nam a2200289 a 4500 | ||
|---|---|---|---|
| 001 | 000107789 | ||
| 003 | CHAP | ||
| 005 | 20220329143943.0 | ||
| 008 | 131105s2012 ck a |r| |||||||spa d | ||
| 010 | _a104251 | ||
| 011 | _a105223 | ||
| 020 | _a9789586828307 | ||
| 040 | _cCHAP | ||
| 082 | 0 | 4 |
_a620.00420285 _bG98 |
| 100 | 1 |
_aGutiérrez, Ferney Eduardo _9124527 |
|
| 245 | 1 | 0 |
_aAutoCAD 2012 : _b2 y 3 dimensiones guía visual / _cpor Ferney Eduardo Gutiérrez. |
| 260 |
_aColombia : _bAlfaomega, _cc2012. |
||
| 300 |
_a243 p. : _bil. |
||
| 590 |
_aE6096MTM _b05 _c20131105 _lUCH01 _h1020 |
||
| 590 |
_aE6096MTM _b05 _c20131105 _lUCH01 _h1028 |
||
| 650 | 1 | 4 |
_aAutoCAD (Programa para computadora) _98407 |
| 650 | 1 | 4 |
_aDiseño industrial. _932732 |
| 650 | 1 | 4 |
_aProgramación (Computadoras) _992368 |
| 901 | _aBK | ||
| 942 | _cLIBRO | ||
| 942 | _n0 | ||
| 999 |
_c104251 _d104251 |
||